00426nam a22001337a 450000500170000000800410001702000180005804000130007608200180008910000170010724501210012426000360024530000110028120170103152915.0170103b xxu||||| |||| 00| 0 eng d a9780978279776 cPK-LaUMT a613.25bHAV-V aHavey, Julia aThe vice-Busting DIET ba 12-week plan to break your worst food habits while chaning your life forever!cJulia Havey aCoquitlambMind publishigc2010 a222 p.